Software Engineering. (Record no. 6429)

MARC details
000 -LEADER
fixed length control field 00591nam a22001937a 4500
003 - CONTROL NUMBER IDENTIFIER
control field OSt
005 - DATE AND TIME OF LATEST TRANSACTION
control field 20200120162501.0
008 - FIXED-LENGTH DATA ELEMENTS--GENERAL INFORMATION
fixed length control field 200120b ||||| |||| 00| 0 eng d
020 ## - INTERNATIONAL STANDARD BOOK NUMBER
International Standard Book Number 0938661272
040 ## - CATALOGING SOURCE
Transcribing agency DDC.
082 ## - DEWEY DECIMAL CLASSIFICATION NUMBER
Classification number 005.3 SIG 1990.
100 ## - MAIN ENTRY--PERSONAL NAME
Relator code Sigwatt,Charles D;Van Meer,L Gretchen,Hansen,C,John;
245 ## - TITLE STATEMENT
Title Software Engineering.
Remainder of title A project oriented approach.
260 ## - PUBLICATION, DISTRIBUTION, ETC. (IMPRINT)
Place of publication, distribution, etc. Califonia.
Name of publisher, distributor, etc. Franklin,Beedle,&Associates, Inc;
Date of publication, distribution, etc. 1990.
300 ## - PHYSICAL DESCRIPTION
Extent 484p;
Other physical details ill;
Dimensions 26cm.
505 ## - FORMATTED CONTENTS NOTE
Formatted contents note includes glossary and index.
650 ## - SUBJECT ADDED ENTRY--TOPICAL TERM
Topical term or geographic name as entry element computer engineering.
9 (RLIN) 13188
942 ## - ADDED ENTRY ELEMENTS (KOHA)
Source of classification or shelving scheme Dewey Decimal Classification
Koha item type Open Shelf
Holdings
Withdrawn status Lost status Source of classification or shelving scheme Damaged status Not for loan Home library Current library Date acquired Source of acquisition Inventory number Total Checkouts Full call number Barcode Date last seen Price effective from Koha item type
    Dewey Decimal Classification     MUST Main Library MUST Main Library 20/01/2020 Purchase 11/34694   005.3 SIG 1990. 2020-0040 20/01/2020 20/01/2020 Open Shelf